000 00580nam a2200205Ia 4500
005 20250923144756.0
008 008 250917s9999 xx 000 0 eng d
037 _aTextual
040 _aDSWL
_beng
_cDSWL
041 _aeng
_2eng
084 _aY112:45:65.3.N4, J2
_qDSWL
245 0 _aDetention in remand homes
_cEd. by L. Radzinowicz
260 _aLondon
_bMacmillan& Co. Ltd.
_c1952
300 _ax,92p.
365 _aINR
_b12.6
700 _a J.W.Turner
_9828300
925 _g12.6
942 _cTEXL
_hY112:45:65.3.N4, J2
999 _c1443198
_d1443198